000 01201cam a22003377a 4500
003 CHAP
005 20220329134101.0
008 971013s1979 r 00010 d
010 _a15165
011 _a16137
035 _a20215
040 _cCHAP
082 _a575.1
_bH48
100 0 0 _aHerskowitz, Irwin Herman.
_955011
245 1 4 _aThe elements of genetics
260 _aNew York :
_bMacMillan,
_c1979
300 _a442 p.
590 _aBATCH-UPD
_b10
_c20130110
_lUCH01
_h1816
590 _aBATCH-UPD
_b10
_c20130410
_lUCH01
_h1150
590 _aBATCH-UPD
_b10
_c20130914
_lUCH01
_h1534
590 _aCONVERSION
_b10
_c20130109
_lUCH01
_h1310
650 1 4 _aGenética.
_947469
901 _aBK
942 _cLIBRO
949 _a575.1 H48
_bBC
_cLIBRO
_d33724000425534
_eLIBRO
_h51027
_i20215
_si
949 _a575.1 H48
_bBC
_cLIBRO
_d33724000425542
_eLIBRO
_fc.2
_h51028
_i20215
_si
949 _a575.1 H48
_bBC
_cLIBRO
_d33724000425575
_eLIBRO
_fc.3
_h51029
_i20215
_si
949 _a575.1 H48
_bBC
_cLIBRO
_d33724000425583
_eLIBRO
_fc.4
_h51030
_i20215
_si
949 _a575.1 H48
_bBC
_cLIBRO
_d33724000425591
_eLIBRO
_fc.5
_h52306
_i20215
_si
949 _a575.1 H48
_bBC
_cLIBRO
_d33724000425609
_eLIBRO
_fc.6
_h52307
_i20215
_si
999 _c15165
_d15165